000 00569 a2200205 4500
001 59797
005 20260407155851.0
008 260407a1964 arg spa d
003 AR-UNSa-BCEJYS
040 _aAR-UNSa-BCEJYS
_bspa
_cAR-UNSa-BCEJYS
080 _a342
_xDerecho constitucional (Derecho Público)
245 1 0 _aInstituciones de derecho público
250 _a4a. ed.
264 1 _aBuenos Aires :
_bERGON
_c1964
300 _a540 p.
_c25 cm.
041 _aspa
942 _cBK
590 _aniveau_biblio:m niveau_hierar:0
100 1 _aCastelli, Federico H.
999 _c6830
_d6830